Manuel d'archeologie française (Record no. 59816)

MARC details
000 -LEADER
campo de control de longitud fija 00757nam a2200169 i 4500
001 - NÚMERO DE CONTROL
campo de control 59816
003 - IDENTIFICADOR DE NÚMERO DE CONTROL
campo de control ES-MaACL
005 - FECHA Y HORA DE LA ÚLTIMA TRANSACCIÓN
campo de control 20230906164113.0
007 - CAMPO FIJO DE DESCRIPCIÓN FÍSICA--INFORMACIÓN GENERAL
campo de control de longitud fija t|
008 - DATOS DE LONGITUD FIJA--INFORMACIÓN GENERAL
campo de control de longitud fija 031031m19021916fr ||||1| fre d
100 1# - ENTRADA PRINCIPAL--NOMBRE DE PERSONA
Nombre de persona Enlart, Camille.
9 (RLIN) 47249
245 10 - MENCIÓN DEL TÍTULO
Título Manuel d'archeologie française
Resto del título : depuis les temps merovingiens jusqu'a la renaissance /
Mención de responsabilidad, etc. Camille Enlart.
260 ## - PUBLICACIÓN, DISTRIBUCIÓN, ETC.
Lugar de publicación, distribución, etc. Paris :
Nombre del editor, distribuidor, etc. [s.n.],
Fecha de publicación, distribución, etc. 1902-16 (
Lugar de fabricación/manufactura Macon :
Fabricante Protat Frères)
300 ## - DESCRIPCIÓN FÍSICA
Extensión 4 v. ;
Dimensiones 23 cm.
505 8# - NOTA DE CONTENIDO CON FORMATO
Nota de contenido con formato Contiene: Premiere partie : Architecture / par Camille Enlart. V. I: Architecture religieux. -- V. II: Architecture religieux : (tabla apphabetique et analytique des matieres). -- V. III: Architecture civile et militaire. -- V. IV: Le costume
852 ## - LOCALIZACIÓN
Ubicación ES-MaACL
Número de control de estantería F-12089-92
Holdings
Estatus retirado Estado de pérdida Estado de daño No para préstamo Biblioteca de origen Biblioteca actual Ubicación en estantería Fecha de adquisición Fuente de adquisición Total de préstamos Signatura topográfica completa Código de barras Visto por última vez Precio de reemplazo Tipo de ítem Koha
        Biblioteca del Ateneo de Madrid Biblioteca del Ateneo de Madrid Sala Pecera Planta 2 17/01/2008     F-12089-92 1062736 23/02/2023 23/02/2023 Libro impreso